Shakkyō kaei zenshū. Dai 5-kan /
Saved in:
| 其他作者: | |
|---|---|
| 格式: | 图书 |
| 语言: | Japanese |
| 出版: |
Tōkyō :
Kawade Shobō,
Shōwa 9 [1934]
|
| 主题: | |
| 标签: |
添加标签
没有标签, 成为第一个标记此记录!
|
| LEADER | 01046nam a2200289ui 4500 | ||
|---|---|---|---|
| 001 | 007796836-0 | ||
| 005 | 20024617121422.0 | ||
| 008 | 920325s1934 ja 000 0 jpn d | ||
| 035 | 0 | |a ocm33739275 | |
| 040 | |a *LWU* |b jpn |c *LWU* |d OCoLC |d *YNH* |d CStRLIN | ||
| 245 | 0 | 0 | |6 880-01 |a Shakkyō kaei zenshū. |n Dai 5-kan / |c Takakusu Junjirō ... [et al.] hen. |
| 260 | |6 880-02 |a Tōkyō : |b Kawade Shobō, |c Shōwa 9 [1934] | ||
| 300 | |a 562 p. ; |c 23 cm. | ||
| 500 | |6 880-03 |a Hibaihin. | ||
| 505 | 0 | |a <Detailed contents in vernacular field only> | |
| 653 | |6 880-04 |a Waka |a Kashū. | ||
| 653 | |6 880-05 |a Bukkyōbungaku. | ||
| 700 | 1 | |6 880-06 |a Takakusu, Junjirō, |d 1866-1945. | |
| 880 | 0 | 0 | |6 245-01 |a 釋教歌詠全集. |n 第5卷 / |c 高楠順次郎 ... [et al.]編. |
| 880 | |6 260-02 |a 東京 : |b 河出書房, |c 昭和9 [1934] | ||
| 880 | |6 500-03 |a 非賣品. | ||
| 880 | |6 653-04 |a 和歌 |a 歌集. | ||
| 880 | |6 653-05 |a 仏敎文学. | ||
| 880 | 1 | |6 700-06 |a 高楠順次郎, |d 1866-1945. | |
| 886 | 2 | |2 jpnmarc |a 677 |b 911.108 | |
| 988 | |a 20021220 | ||
| 906 | |0 OCLC | ||


